000 00470nam a2200157Ia 4500
008 260520s2025 xx 000 0 und d
041 _amar
082 _a080/KAM
100 _aकमाले, प्रदिप
245 _aMSEB महानिर्मिती
250 _a1st ed
260 _aनागपूर
_bसाई ज्योती पब्लिकेशन
_c2025
300 _a252p.
500 _aCat No: 15244
650 _aCOMPITITIVE EXAM
999 _c1222244
_d1222244